00972nam a2200229 a 450000100100000000500170001000800410002704000250006808200200009310000320011324500950014526000610024030000210030159000260032260000370034865000400038565000450042570000410047091000370051195201770054899900170072500003087720240408134828.0110602s1945 dr r 000 f spa d aDO-SdBNPbspacBNPHU aRD863.44bS232h1 aSantos Suriel, Pablo95741013aEl héroe olvidado :bnovela histórica /cPedro Santana ; prólogo Pablo Santo Suriel. aCiudada Trujillo, República Dominicana :bs.n.,c1945. a168 p. ;c22 cm. aInventariado, 2018/LP 0aSantana, Pedro.d1801-186496546 0aNovela histórica dominicana.9860 0aLiteratura histórica dominicana9243401 aSanto Suriel, Pablo,epról.957411 aValidado. Control de calidad MFF 0010718PDaPDbPDcHDd2011-06-02iLF1l0oRD863.44 S232hp30877-10r2020-06-25w2020-06-25yLFPDzPerteneció a la biblioteca personal de Martínez Boog.ZNo se presta c30369d30369